Music Quiz

Random Music or Kpop Quiz

2010 K-Pop Songs Quiz Stats

 Plays Quiz not verified by Sporcle

Score 0/65 Timer 20:00
0 Plays Today
Singer Song % Correct
SHINeeLucifer
66.4%
SNSD/Girl's GenerationOh!
64.6%
Beast/B2STBreath/Soom
64.2%
SHINeeHello
59.9%
Super JuniorBonamana/Miina/Beauty
57.7%
f(x)NU ABO
56.2%
Beast/B2STShock
55.7%
GDTOPHigh High
53.3%
SNSD/Girl's GenerationRun Devil Run
53.2%
2NE1Go Away
51.3%
Miss ABad Girl, Good Girl
50.9%
Beast/B2STBeautiful
50.3%
HyunA ft.JunHyungChange
50.1%
SecretMagic
50%
One WayMagic
49.9%
TaeYang ft.G-DragonI Need A Girl
47.8%
SNSD/Girl's GenerationHoot
47.6%
2NE1Can't Nobody
46.1%
Miss ABreathe
45.9%
After SchoolBang!
45.1%
2PMI'll Be Back
43.9%
SecretMadonna
43.2%
SISTARPush Push
43%
2NE1Clap Your Hands
42.8%
BoAHurricane Venus
41.8%
Super JuniorNo Other
41.8%
RainLove Song
41.3%
KaraLupin
41.2%
C.N. BlueI'm A Loner
41%
IUGood Day
40%
4MinuteHit Your Heart/HuH
39.4%
T.O.P. (Big Bang)Turn It Up
37%
2AMI Was Wrong
36.5%
Singer Song % Correct
FT IslandLove Love Love
35.9%
SS501Love Ya
35.8%
KaraJumping
34%
U-KissShut Up
33.6%
Orange CaramelMagic Girl
32.5%
RainbowA
32%
Orange CaramelAing~
31.7%
T-araYaYaYa
28.8%
Wonder Girls2 Different Tears
28.8%
2PMWithout U
27.4%
Se7enDigital Bounce
27.3%
Co-EdToo Late
27.2%
InfiniteCome Back Again
26.7%
SISTARHow Dare You
25.8%
Se7enBetter Together
25.6%
MBLAQY
22.3%
U-KissRound And Round
21.3%
2AMCan't Let You Go Even If I Die
21.2%
2NE1Try To Follow Me
20.7%
JYJAyy Girl
20.5%
TaeYangI'll Be There
19.6%
DalmatianRound 1
19%
Lee HyoRiChitty Chitty Bang Bang
18.3%
Beast/B2STTake Care of My Girlfriend (Say No)
17.3%
T-araI Go Crazy Because of You
16.2%
F.CuzNo One
15.9%
U-KissWhat
15.2%
2AMLike Crazy
14.1%
Children of Empire/ZE:AAll Day Long
11.7%
Big BangLollipop 2
10.7%
Children of Empire/ZE:ALevel Up
9.4%
Co-EdBbiribbom Bbaeribom
4.2%

You're not logged in!

Compare scores with friends on all Sporcle quizzes.
OR
Log In

Show Comments

Extras

Created Jan 4, 2011ReportNominate
Tags:Kpop Quiz, 2010, Hit Songs, Kpop Quiz

Top Quizzes Today


Score Distribution

Your Account Isn't Verified!

In order to create a playlist on Sporcle, you need to verify the email address you used during registration. Go to your Sporcle Settings to finish the process.

Report this User

Report this user for behavior that violates our Community Guidelines.

Details: